Chandigarh : (Record no. 14145)

000 -LEADER
fixed length control field 00320cam a22001215i 4500
003 - CONTROL NUMBER IDENTIFIER
control field OSt
005 - DATE AND TIME OF LATEST TRANSACTION
control field 20260228145656.0
008 - FIXED-LENGTH DATA ELEMENTS--GENERAL INFORMATION
fixed length control field 250416s2024 ii 000 0 eng
020 ## - INTERNATIONAL STANDARD BOOK NUMBER
International Standard Book Number 9798892222105
245 00 - TITLE STATEMENT
Title Chandigarh :
Remainder of title the backstory & the city it couldn't be /
Statement of responsibility, etc Vibhor Mohan.
300 ## - PHYSICAL DESCRIPTION
Extent xi, 286 pages
942 ## - ADDED ENTRY ELEMENTS (KOHA)
Source of classification or shelving scheme
Holdings
Withdrawn status Lost status Source of classification or shelving scheme Damaged status Koha normalized classification for sorting Not for loan Permanent location Current location Shelving location Date acquired Full call number Barcode Date last seen Price effective from Koha item type
        307_760000000000000_MOH   BMS College of Architecture, Design and Planning BMS College of Architecture, Design and Planning General Stacks 2025-12-25 307.76 MOH AR-UG4943 2026-02-10 2026-02-10 B.PLAN
Copyright © 2025, The Librarian, Library and Information Centre, BMSCA D&P, Bengaluru. All Rights Reserved
web counter

Powered by Koha